[Event "2. Bundesliga West 2016/17"]
[Site "Salzburg/Wals"]
[Date "2017.03.04"]
[Round "10"]
[Board "2"]
[White "Dobosz, Henryk"]
[Black "Eybl, Alexander"]
[Result "0-1"]
[WhiteElo "2390"]
[BlackElo "2277"]
[PlyCount "84"]
[EventDate "2016.10.28"]
[EventType "team"]
[EventRounds "11"]
[EventCountry "AUT"]
[WhiteTeam "Bregenz 2"]
[BlackTeam "Pradl"]

1. d4 Nf6 2. Nf3 g6 3. c4 Bg7 4. Nc3 d5 5. Bg5 Ne4 6. cxd5 Nxg5 7. Nxg5 e6 8.
Nf3 exd5 9. b4 O-O 10. e3 c6 11. Be2 Bg4 12. O-O a6 13. a4 Nd7 14. b5 Qa5 15.
bxc6 bxc6 16. Nd2 Bf5 17. Na2 Rfb8 18. Nb3 Qxa4 19. Nac1 Qb4 20. g4 Be6 21. Na5
Qd6 22. Ncb3 c5 23. dxc5 Nxc5 24. Nd4 Ne4 25. Rc1 Rb2 26. Rc2 Rxc2 27. Qxc2
Bxd4 28. exd4 Qf4 29. Qc1 Nd2 30. Nb3 Nf3+ 31. Kg2 Qxh2+ 32. Kxf3 Qh3+ 33. Kf4
Qxb3 34. Qc6 Rc8 35. Qxa6 h6 36. f3 Qb8+ 37. Ke3 g5 38. f4 Rc3+ 39. Bd3 gxf4+
40. Rxf4 Qb1 41. Ke2 Qb2+ 42. Ke3 Qc1+ 0-1

[Event "2. Bundesliga West 2016/17"]
[Site "Salzburg/Wals"]
[Date "2017.03.04"]
[Round "10"]
[Board "3"]
[White "Doskocil, Klaus"]
[Black "Barthelmann, Benno"]
[Result "1-0"]
[WhiteElo "2211"]
[BlackElo "2097"]
[PlyCount "89"]
[EventDate "2016.10.28"]
[EventType "team"]
[EventRounds "11"]
[EventCountry "AUT"]
[WhiteTeam "Pradl"]
[BlackTeam "Bregenz 2"]

1. e4 e6 2. c4 c5 3. Nc3 Nc6 4. Nf3 e5 5. d3 d6 6. Be2 f5 7. exf5 Bxf5 8. O-O
Be7 9. Be3 Bf6 10. Nd5 Qd7 11. Ng5 Nd4 12. Ne4 Nxe2+ 13. Qxe2 Be6 14. f4 Bxd5
15. cxd5 O-O-O 16. Rab1 Ne7 17. b4 cxb4 18. Bxa7 b5 19. Bb6 Nxd5 20. Nxf6 gxf6
21. Bxd8 Rxd8 22. Qe4 Qb7 23. fxe5 dxe5 24. Rf3 Qa7+ 25. Rf2 Kb8 26. Rbf1 Qc5
27. h3 Nf4 28. Kh2 h5 29. g3 Nxd3 30. Rxf6 Qc2+ 31. Kg1 Qc5+ 32. Kh1 Qd4 33.
Qc6 Qd5+ 34. Qxd5 Rxd5 35. Rh6 e4 36. Rf7 Kc8 37. Rh8+ Rd8 38. Rxh5 Re8 39.
Rhh7 e3 40. Re7 Rxe7 41. Rxe7 Nc1 42. Rxe3 Nxa2 43. h4 Kd7 44. h5 Nc1 45. Re1
 1-0

[Event "2. Bundesliga West 2016/17"]
[Site "Salzburg/Wals"]
[Date "2017.03.04"]
[Round "10"]
[Board "4"]
[White "Amann, Harald"]
[Black "Matt, Stefan"]
[Result "0-1"]
[WhiteElo "2049"]
[BlackElo "2122"]
[PlyCount "40"]
[EventDate "2016.10.28"]
[EventType "team"]
[EventRounds "11"]
[EventCountry "AUT"]
[WhiteTeam "Bregenz 2"]
[BlackTeam "Pradl"]

1. Nf3 f5 2. d3 d6 3. e4 e5 4. Nc3 Nf6 5. Be2 Be7 6. Bg5 c6 7. Qd2 O-O 8. a4 a5
9. O-O-O c5 10. Bxf6 Bxf6 11. Nd5 Nc6 12. Rhf1 Bd7 13. b3 Nb4 14. Nxf6+ Qxf6
15. c3 Nc6 16. c4 Ra6 17. Kb2 Rb6 18. Ka3 Qg6 19. Nh4 Qf6 20. exf5 Qxh4 0-1

[Event "2. Bundesliga West 2016/17"]
[Site "Salzburg/Wals"]
[Date "2017.03.04"]
[Round "10"]
[Board "5"]
[White "Lins, Philipp"]
[Black "Oswald, Albert"]
[Result "1-0"]
[WhiteElo "2131"]
[BlackElo "1920"]
[PlyCount "81"]
[EventDate "2016.10.28"]
[EventType "team"]
[EventRounds "11"]
[EventCountry "AUT"]
[WhiteTeam "Pradl"]
[BlackTeam "Bregenz 2"]

1. Nf3 d5 2. c4 Nf6 3. d4 e6 4. g3 Bb4+ 5. Bd2 Be7 6. Bg2 O-O 7. O-O Nbd7 8.
Qc2 c6 9. Rd1 Bd6 10. Nc3 Qe7 11. e4 dxe4 12. Ng5 h6 13. Ngxe4 Bc7 14. f4 Bb6
15. c5 Bc7 16. Re1 Nxe4 17. Bxe4 Nf6 18. Bg2 Qd8 19. Rad1 Nd5 20. Ne4 f5 21.
Nf2 Qf6 22. Bc1 Bd7 23. Kh1 Rf7 24. Nd3 g5 25. Ne5 Rg7 26. Rg1 Kh8 27. Qe2 Rag8
28. Rde1 Bc8 29. a3 g4 30. b4 h5 31. Rgf1 h4 32. Kg1 hxg3 33. hxg3 Rh7 34. Kf2
Nc3 35. Qd3 Ne4+ 36. Bxe4 fxe4 37. Qxe4 Rh2+ 38. Ke3 Rg7 39. Rh1 Rh3 40. Nxg4
Bxf4+ 41. Kd3 1-0

[Event "2. Bundesliga West 2016/17"]
[Site "Salzburg/Wals"]
[Date "2017.03.04"]
[Round "10"]
[Board "6"]
[White "Dorner, Guenther"]
[Black "Mitterwald, Johannes"]
[Result "0-1"]
[WhiteElo "1917"]
[BlackElo "2105"]
[PlyCount "92"]
[EventDate "2016.10.28"]
[EventType "team"]
[EventRounds "11"]
[EventCountry "AUT"]
[WhiteTeam "Bregenz 2"]
[BlackTeam "Pradl"]

1. e4 e5 2. Nf3 Nc6 3. Bb5 Nf6 4. O-O Nxe4 5. d4 Nd6 6. Bxc6 dxc6 7. dxe5 Nf5
8. Qxd8+ Kxd8 9. h3 Bd7 10. Nc3 h6 11. Ne4 Kc8 12. g4 Ne7 13. Nc5 Be8 14. c4 b6
15. Ne4 c5 16. Bf4 h5 17. Nfg5 Kb7 18. Rad1 Nc6 19. e6 f6 20. Nf3 Nd8 21. Rfe1
Nxe6 22. Bg3 Bc6 23. Nh4 Nd4 24. Re3 hxg4 25. hxg4 Re8 26. Ng6 Rh6 27. Nxf8
Bxe4 28. f3 Nxf3+ 29. Kf2 Nh2 30. Rxe4 Rxe4 31. Rd7 Rxc4 32. Bxc7 Kc6 33. Rxg7
Rc2+ 34. Ke3 Rh3+ 35. Ke4 Re2+ 36. Kf5 Rf3+ 37. Kg6 Nxg4 38. Bb8 Ne5+ 39. Kh7
Rh3+ 40. Kg8 Reh2 41. Bxe5 Rh8+ 42. Kf7 fxe5 43. Ng6 R8h7 44. Nxe5+ Kd5 45. Nd3
Rxg7+ 46. Kxg7 Ke4 0-1

[Event "2. Bundesliga West 2016/17"]
[Site "Salzburg/Wals"]
[Date "2017.03.04"]
[Round "10"]
[Board "1"]
[White "Froewis, Georg"]
[Black "Rusche, Johannes"]
[Result "1/2-1/2"]
[WhiteElo "2463"]
[BlackElo "2265"]
[PlyCount "101"]
[EventDate "2016.10.28"]
[EventType "team"]
[EventRounds "11"]
[EventCountry "AUT"]
[WhiteTeam "Hohenems II"]
[BlackTeam "Kufstein/Woergl"]

1. Nf3 Nf6 2. c4 e6 3. g3 b6 4. Bg2 Bb7 5. O-O Be7 6. Nc3 O-O 7. Re1 d5 8. cxd5
exd5 9. d4 Nbd7 10. Bf4 c5 11. Rc1 Ne4 12. dxc5 Bxc5 13. Nd4 Qf6 14. Nxe4 dxe4
15. Nb3 Rfd8 16. Nxc5 Nxc5 17. Qc2 Rac8 18. Qb1 Qe6 19. Red1 Bd5 20. b3 h6 21.
Qb2 a5 22. Be3 Bb7 23. Rxd8+ Rxd8 24. Bxc5 bxc5 25. Qc3 a4 26. bxa4 Qxa2 27.
Qxc5 Qxa4 28. h3 Rd1+ 29. Kh2 Rxc1 30. Qxc1 Qd7 31. Qc5 Qe6 32. Qc7 Bd5 33. h4
Qf6 34. Qc5 Qc6 35. Qe7 g6 36. Qe5 h5 37. Bh3 f5 38. Qe7 Qe6 39. Qd8+ Kg7 40.
Qc7+ Kg8 41. Bf1 Bc4 42. Kg1 Kh8 43. e3 Bxf1 44. Kxf1 Qa6+ 45. Kg2 Qe2 46. Qd8+
Kg7 47. Qe7+ Kg8 48. Qf6 Qf3+ 49. Kg1 Qd1+ 50. Kh2 Qg4 51. Kg2 1/2-1/2

[Event "2. Bundesliga West 2016/17"]
[Site "Salzburg/Wals"]
[Date "2017.03.04"]
[Round "10"]
[Board "2"]
[White "Maurer, Jochen"]
[Black "Burschowsky, Matthias"]
[Result "0-1"]
[WhiteElo "2261"]
[BlackElo "2195"]
[PlyCount "88"]
[EventDate "2016.10.28"]
[EventType "team"]
[EventRounds "11"]
[EventCountry "AUT"]
[WhiteTeam "Kufstein/Woergl"]
[BlackTeam "Hohenems II"]

1. e4 c5 2. Nf3 g6 3. c3 Bg7 4. d4 cxd4 5. cxd4 d5 6. exd5 Nf6 7. Nc3 Nxd5 8.
Bc4 Nb6 9. Bb3 O-O 10. O-O Bg4 11. d5 N8d7 12. h3 Bxf3 13. Qxf3 Nc8 14. Re1 Nd6
15. Bf4 Re8 16. Rad1 Nc5 17. h4 Nxb3 18. axb3 Qb6 19. Na4 Qb4 20. h5 Rac8 21.
h6 Bf8 22. Nc3 Qxb3 23. Rd2 Red8 24. Rde2 Nf5 25. Qh3 b5 26. d6 exd6 27. Bg5 f6
28. Bxf6 Rd7 29. Bg5 Rf7 30. Qg4 Rc4 31. Qh3 b4 32. Nd5 Qxh3 33. gxh3 Nd4 34.
Nf6+ Kh8 35. Re3 Nc2 36. R1e2 Nxe3 37. Rxe3 Rc5 38. f4 Re7 39. Rd3 Re2 40. Kf1
Rxb2 41. Rd1 Rbc2 42. Rd3 Ra5 43. Rd1 b3 44. Nd7 Kg8 0-1

[Event "2. Bundesliga West 2016/17"]
[Site "Salzburg/Wals"]
[Date "2017.03.04"]
[Round "10"]
[Board "3"]
[White "Atlas, Dmitry"]
[Black "Neuschmied, Siegfried"]
[Result "1-0"]
[WhiteElo "2218"]
[BlackElo "2153"]
[PlyCount "83"]
[EventDate "2016.10.28"]
[EventType "team"]
[EventRounds "11"]
[EventCountry "AUT"]
[WhiteTeam "Hohenems II"]
[BlackTeam "Kufstein/Woergl"]

1. e4 g6 2. d4 d6 3. Nc3 Bg7 4. Be3 a6 5. a4 Nf6 6. f3 O-O 7. g4 e5 8. Nge2 Nc6
9. d5 Ne7 10. Ng3 c6 11. g5 Ne8 12. Bc4 Bh3 13. a5 Nc7 14. Rg1 Qd7 15. Qe2 Nb5
16. Na4 Rae8 17. Nb6 Qc7 18. c3 Na7 19. Nh1 Nac8 20. Nf2 Nxb6 21. Bxb6 Qc8 22.
dxc6 Nxc6 23. Nxh3 Qxh3 24. O-O-O Qd7 25. Rd2 Rc8 26. Kb1 Rfe8 27. h4 Bf8 28.
h5 Nd8 29. hxg6 hxg6 30. Bxd8 Qxd8 31. Bd5 Qxa5 32. Rh1 Qb6 33. Qh2 Bg7 34.
Qh7+ Kf8 35. Rdh2 Rc5 36. Qxg7+ Kxg7 37. Rh7+ Kf8 38. Rxf7+ Kg8 39. Rxb7+ Rxd5
40. Rxb6 Rd3 41. Rh6 Re6 42. Rb8+ 1-0

[Event "2. Bundesliga West 2016/17"]
[Site "Salzburg/Wals"]
[Date "2017.03.04"]
[Round "10"]
[Board "4"]
[White "Prediger, Ruppert"]
[Black "Heinrici, Simon"]
[Result "1-0"]
[WhiteElo "2203"]
[BlackElo "2099"]
[PlyCount "57"]
[EventDate "2016.10.28"]
[EventType "team"]
[EventRounds "11"]
[EventCountry "AUT"]
[WhiteTeam "Kufstein/Woergl"]
[BlackTeam "Hohenems II"]

1. e4 e5 2. Nf3 Nc6 3. Bc4 Nf6 4. d4 exd4 5. e5 d5 6. Bb5 Ne4 7. Nxd4 Bd7 8.
Bxc6 bxc6 9. O-O Bc5 10. f3 Ng5 11. Be3 Bb6 12. f4 Ne4 13. Nc3 Nxc3 14. bxc3
Qe7 15. a4 a5 16. Qd2 O-O 17. Rae1 Bxd4 18. Bxd4 Bf5 19. Qf2 Rfe8 20. Bc5 Qe6
21. Re3 f6 22. exf6 Qxf6 23. Bd4 Qf8 24. Be5 Qa3 25. Rg3 g6 26. Rg5 Rxe5 27.
fxe5 Qxc3 28. Rg3 Qxe5 29. Qxf5 1-0

[Event "2. Bundesliga West 2016/17"]
[Site "Salzburg/Wals"]
[Date "2017.03.04"]
[Round "10"]
[Board "5"]
[White "Uhlmann, David"]
[Black "Atzl, Florian"]
[Result "1-0"]
[WhiteElo "2066"]
[BlackElo "1996"]
[PlyCount "89"]
[EventDate "2016.10.28"]
[EventType "team"]
[EventRounds "11"]
[EventCountry "AUT"]
[WhiteTeam "Hohenems II"]
[BlackTeam "Kufstein/Woergl"]

1. d4 Nf6 2. c4 e6 3. Nc3 Bb4 4. a3 Bxc3+ 5. bxc3 c5 6. e3 b6 7. Bd3 Bb7 8. Nf3
Ne4 9. Qc2 f5 10. O-O O-O 11. Nd2 Qh4 12. f4 Nxd2 13. Bxd2 Nc6 14. Rab1 d6 15.
a4 Rf6 16. Be1 Qg4 17. Bg3 Qh5 18. Be2 Qe8 19. Bf3 Na5 20. Bxb7 Nxb7 21. e4 Na5
22. e5 Rg6 23. Qa2 Rg4 24. Rfd1 Rd8 25. Qe2 dxe5 26. Qxe5 Nxc4 27. Qe2 Nd6 28.
dxc5 bxc5 29. Qe5 Qe7 30. Qxc5 Kf7 31. c4 Rd7 32. Qc6 e5 33. Qd5+ Qe6 34. fxe5
f4 35. Bf2 Qxd5 36. Rxd5 f3 37. Bg3 Rxc4 38. exd6 fxg2 39. a5 Ke6 40. Rd2 h5
41. Re1+ Kf6 42. Rf2+ Kg5 43. Re7 Rxe7 44. dxe7 Re4 45. Bd6 1-0

[Event "2. Bundesliga West 2016/17"]
[Site "Salzburg/Wals"]
[Date "2017.03.04"]
[Round "10"]
[Board "6"]
[White "Kranewitter, Norbert"]
[Black "Kuntner, Reinhard"]
[Result "0-1"]
[WhiteElo "2006"]
[BlackElo "1922"]
[PlyCount "92"]
[EventDate "2016.10.28"]
[EventType "team"]
[EventRounds "11"]
[EventCountry "AUT"]
[WhiteTeam "Kufstein/Woergl"]
[BlackTeam "Hohenems II"]

1. e4 Nf6 2. e5 Nd5 3. d4 d6 4. c4 Nb6 5. exd6 cxd6 6. d5 N8d7 7. Nf3 g6 8. a4
a5 9. Be3 Bg7 10. Qb3 Nc5 11. Bxc5 dxc5 12. Nc3 O-O 13. Be2 Nd7 14. O-O Ra6 15.
Rfe1 Rb6 16. Nb5 e5 17. Rad1 e4 18. Nd2 f5 19. Bf1 Qh4 20. g3 Qg5 21. Bg2 h5
22. h4 Qh6 23. Re2 Ne5 24. Qe3 Qxe3 25. fxe3 Ng4 26. Nb3 Be5 27. Nxc5 Bxg3 28.
d6 Bxh4 29. d7 Rc6 30. dxc8=Q Rcxc8 31. Nd7 Rfd8 32. b3 Ne5 33. Red2 Nd3 34.
Nb6 Rc5 35. Bf1 Bg5 36. Nd5 Rdxd5 37. cxd5 Bxe3+ 38. Kg2 Bxd2 39. Bxd3 exd3 40.
Rxd2 Rc2 41. d6 Rxd2+ 42. Kf3 Kf7 43. Ke3 Rb2 44. Kxd3 Rxb3+ 45. Kc4 Rxb5 46.
Kxb5 Ke6 0-1

[Event "2. Bundesliga West 2016/17"]
[Site "Salzburg/Wals"]
[Date "2017.03.04"]
[Round "10"]
[Board "1"]
[White "Vogel, Roven"]
[Black "Knechtel, Roland"]
[Result "1-0"]
[WhiteElo "2415"]
[BlackElo "2266"]
[PlyCount "99"]
[EventDate "2016.10.28"]
[EventType "team"]
[EventRounds "11"]
[EventCountry "AUT"]
[WhiteTeam "Dornbirn"]
[BlackTeam "Ranshofen"]

1. Nf3 Nf6 2. c4 e6 3. d4 d5 4. Nc3 a6 5. cxd5 exd5 6. Bf4 Bd6 7. Bg5 c6 8. e3
Bf5 9. Bd3 Bxd3 10. Qxd3 Nbd7 11. O-O O-O 12. Rab1 Qe7 13. Rfe1 h6 14. Bh4 Qe6
15. Nd2 Qg4 16. Bxf6 Nxf6 17. h3 Qd7 18. b4 Qe7 19. a3 Rfe8 20. Nb3 Rad8 21.
Nc5 Bb8 22. a4 Qc7 23. g3 Qc8 24. Kg2 Bd6 25. Qd1 Re7 26. Qf3 Rde8 27. Rec1 Qb8
28. Ne2 Ne4 29. Nxe4 Rxe4 30. b5 Qa8 31. bxc6 bxc6 32. Rb6 Rc8 33. Qf5 Re6 34.
Qd3 a5 35. Qa6 Qxa6 36. Rxa6 Bb4 37. Nf4 Rd6 38. Nd3 Kf8 39. Ne5 f6 40. Raxc6
Rdxc6 41. Rxc6 Rd8 42. Nd3 Rb8 43. Nf4 Be1 44. Rc1 Bd2 45. Rc2 Be1 46. Nxd5 Rb1
47. e4 Ra1 48. e5 fxe5 49. dxe5 Rxa4 50. e6 1-0

[Event "2. Bundesliga West 2016/17"]
[Site "Salzburg/Wals"]
[Date "2017.03.04"]
[Round "10"]
[Board "2"]
[White "Riediger, Martin"]
[Black "Drabke, Lorenz"]
[Result "0-1"]
[WhiteElo "2288"]
[BlackElo "2485"]
[PlyCount "68"]
[EventDate "2016.10.28"]
[EventType "team"]
[EventRounds "11"]
[EventCountry "AUT"]
[WhiteTeam "Ranshofen"]
[BlackTeam "Dornbirn"]

1. Nf3 d5 2. d4 Nf6 3. c4 c6 4. e3 Bf5 5. cxd5 cxd5 6. Nc3 e6 7. Ne5 Nfd7 8. g4
Bg6 9. Nxg6 hxg6 10. Qb3 Qc7 11. e4 dxe4 12. d5 Nc5 13. Qc4 Qe5 14. dxe6 fxe6
15. Be3 Nc6 16. O-O-O a6 17. Bxc5 Bxc5 18. Qxe4 Qxe4 19. Nxe4 Bd4 20. Bg2 Ke7
21. h3 Rhd8 22. Rhe1 Rd5 23. Nc3 Rc5 24. Rd3 Bxf2 25. Re2 Nb4 26. Rdd2 Nxa2+
27. Kd1 Rxc3 28. bxc3 Nxc3+ 29. Kc2 Nxe2 30. Rxe2 Rc8+ 31. Kd3 Rd8+ 32. Kc2 Bd4
33. Bxb7 a5 34. Be4 g5 0-1

[Event "2. Bundesliga West 2016/17"]
[Site "Salzburg/Wals"]
[Date "2017.03.04"]
[Round "10"]
[Board "3"]
[White "Novkovic, Milan"]
[Black "Ager, Josef"]
[Result "1/2-1/2"]
[WhiteElo "2371"]
[BlackElo "2144"]
[PlyCount "62"]
[EventDate "2016.10.28"]
[EventType "team"]
[EventRounds "11"]
[EventCountry "AUT"]
[WhiteTeam "Dornbirn"]
[BlackTeam "Ranshofen"]

1. d4 Nf6 2. Nf3 g6 3. Nbd2 d6 4. e4 Bg7 5. c3 O-O 6. Bd3 e5 7. O-O Nc6 8. Re1
Nh5 9. dxe5 Nf4 10. Bc4 dxe5 11. Qc2 Qe7 12. a4 Be6 13. g3 Nh5 14. b3 Rfd8 15.
Kg2 Qd7 16. Bxe6 Qxe6 17. Nc4 Nf4+ 18. Bxf4 exf4 19. Rad1 a6 20. a5 h6 21. e5
g5 22. Qe4 fxg3 23. hxg3 f5 24. Qe2 Rf8 25. Nd4 Nxd4 26. Rxd4 Rf7 27. Qf3 Re8
28. Qd5 Qxd5+ 29. Rxd5 f4 30. Re4 fxg3 31. Kxg3 Re6 1/2-1/2

[Event "2. Bundesliga West 2016/17"]
[Site "Salzburg/Wals"]
[Date "2017.03.04"]
[Round "10"]
[Board "4"]
[White "Kuecher, Wolfgang"]
[Black "Schmidlechner, Alexander"]
[Result "1/2-1/2"]
[WhiteElo "2122"]
[BlackElo "2201"]
[PlyCount "59"]
[EventDate "2016.10.28"]
[EventType "team"]
[EventRounds "11"]
[EventCountry "AUT"]
[WhiteTeam "Ranshofen"]
[BlackTeam "Dornbirn"]

1. Nf3 d5 2. d4 Nf6 3. c4 dxc4 4. e3 Be6 5. Na3 Bd5 6. Nxc4 e6 7. Be2 c5 8. O-O
Nc6 9. a3 cxd4 10. Nxd4 Bc5 11. Nxc6 Bxc6 12. b4 Be7 13. Bb2 O-O 14. Bf3 Qxd1
15. Rfxd1 Bxf3 16. gxf3 Rac8 17. Rac1 Rfd8 18. Rxd8+ Bxd8 19. Nd6 Rxc1+ 20.
Bxc1 b6 21. Bb2 a6 22. b5 a5 23. Bd4 Nd7 24. Nc4 f6 25. f4 Bc7 26. e4 Kf7 27.
Kg2 g6 28. Kf3 Ke7 29. h3 Kf7 30. Ke3 1/2-1/2

[Event "2. Bundesliga West 2016/17"]
[Site "Salzburg/Wals"]
[Date "2017.03.04"]
[Round "10"]
[Board "6"]
[White "Spiesberger, Gerhard"]
[Black "Busch, Michael"]
[Result "1-0"]
[WhiteElo "2054"]
[BlackElo "1960"]
[PlyCount "89"]
[EventDate "2016.10.28"]
[EventType "team"]
[EventRounds "11"]
[EventCountry "AUT"]
[WhiteTeam "Ranshofen"]
[BlackTeam "Dornbirn"]

1. Nf3 d5 2. g3 Nf6 3. Bg2 Nbd7 4. d4 e6 5. O-O Bd6 6. Nbd2 O-O 7. Re1 e5 8. e4
Nxe4 9. Nxe5 f5 10. f3 Nxe5 11. fxe4 fxe4 12. dxe5 Bxe5 13. Nb3 c6 14. c3 Qd6
15. Be3 b6 16. Qe2 Qg6 17. Rf1 Bg4 18. Qd2 Rfe8 19. Rf2 Rad8 20. Raf1 c5 21.
Bf4 Bf6 22. Be3 a5 23. Rxf6 gxf6 24. Qf2 a4 25. Nc1 Kg7 26. h3 Bc8 27. Ne2 Ba6
28. Nf4 Qf7 29. Rd1 Kh8 30. b3 axb3 31. axb3 f5 32. b4 d4 33. cxd4 cxb4 34. d5
Bc4 35. Bxb6 Rc8 36. d6 Bb5 37. Qb2+ Kg8 38. Qxb4 Bd7 39. Nd5 Kg7 40. Bd4+ Kf8
41. Ne7 Rc2 42. Bxe4 fxe4 43. Rf1 Rc1 44. Rxc1 Bxh3 45. Qd2 1-0

[Event "2. Bundesliga West 2016/17"]
[Site "Salzburg/Wals"]
[Date "2017.03.05"]
[Round "11"]
[Board "1"]
[White "Frank, Emanuel"]
[Black "Gatterer, Florian"]
[Result "1/2-1/2"]
[WhiteElo "2189"]
[BlackElo "2281"]
[PlyCount "102"]
[EventDate "2016.10.28"]
[EventType "team"]
[EventRounds "11"]
[EventCountry "AUT"]
[WhiteTeam "ASK Salzburg"]
[BlackTeam "Rochade Rum"]

1. d4 d5 2. c4 c6 3. cxd5 cxd5 4. Bf4 Nc6 5. e3 Nf6 6. Bd3 Bg4 7. Ne2 Bxe2 8.
Qxe2 e6 9. Nc3 Be7 10. O-O O-O 11. Rac1 Rc8 12. Rfd1 g6 13. Bb5 a6 14. Bxc6
Rxc6 15. Bg5 Qd7 16. Qf3 Kg7 17. g4 Rfc8 18. Qh3 Ne4 19. Qh6+ Kg8 20. Nxe4 dxe4
21. Rxc6 Rxc6 22. Bxe7 Qxe7 23. Qf4 Rc2 24. Qxe4 Rxb2 25. Rb1 Rxb1+ 26. Qxb1 b5
27. Qc2 Qb7 28. Qc3 h6 29. h3 Kh7 30. Qb4 Qf3 31. Qf8 a5 32. Qe8 b4 33. Qa4
Qxh3 34. Qxa5 Qxg4+ 35. Kf1 Qd1+ 36. Kg2 Qb1 37. Qc7 Qe4+ 38. Kg1 Qg4+ 39. Kf1
Qf3 40. Qe7 Qd1+ 41. Kg2 Qg4+ 42. Kf1 Qf5 43. Qxb4 h5 44. a4 g5 45. Qb5 Qh3+
46. Kg1 Qg4+ 47. Kf1 h4 48. Qe2 Qf5 49. e4 Qf4 50. Qe3 Qg4 51. Qe2 Qf4 1/2-1/2

[Event "2. Bundesliga West 2016/17"]
[Site "Salzburg/Wals"]
[Date "2017.03.05"]
[Round "11"]
[Board "2"]
[White "Spornberger, Maximilian"]
[Black "Juergens, Klaus"]
[Result "1-0"]
[WhiteElo "2300"]
[BlackElo "2125"]
[PlyCount "91"]
[EventDate "2016.10.28"]
[EventType "team"]
[EventRounds "11"]
[EventCountry "AUT"]
[WhiteTeam "Rochade Rum"]
[BlackTeam "ASK Salzburg"]

1. d4 g6 2. e4 Bg7 3. Nc3 d6 4. Nf3 Nf6 5. h3 c6 6. a4 O-O 7. Be3 Nbd7 8. Be2
e5 9. dxe5 dxe5 10. Nd2 Qe7 11. Nc4 Rd8 12. Qd6 Bf8 13. O-O-O Re8 14. Qxe7 Bxe7
15. Nd6 Bxd6 16. Rxd6 Kg7 17. h4 h6 18. g4 Nh7 19. a5 a6 20. g5 h5 21. Rhd1
Ndf8 22. Na4 Ne6 23. Nb6 Rb8 24. Bf1 Nhf8 25. Nc4 c5 26. Nxe5 Nd4 27. Bxd4 cxd4
28. f4 Ne6 29. Nd3 Nc7 30. Nf2 Bg4 31. Nxg4 hxg4 32. R6xd4 Ne6 33. Rd7 Nxf4 34.
Bc4 Ne6 35. Rf1 Nd8 36. Bxf7 Nxf7 37. Rfxf7+ Kh8 38. Rf4 g3 39. Rg4 Re5 40.
Rxg3 Rxe4 41. Rh3 Re2 42. h5 Rc8 43. hxg6+ Kg8 44. c3 Rf8 45. Rh8+ Kxh8 46. g7+
 1-0

[Event "2. Bundesliga West 2016/17"]
[Site "Salzburg/Wals"]
[Date "2017.03.05"]
[Round "11"]
[Board "3"]
[White "Scheiblmaier, Robert"]
[Black "Spornberger, Andre"]
[Result "0-1"]
[WhiteElo "2204"]
[BlackElo "2288"]
[PlyCount "96"]
[EventDate "2016.10.28"]
[EventType "team"]
[EventRounds "11"]
[EventCountry "AUT"]
[WhiteTeam "ASK Salzburg"]
[BlackTeam "Rochade Rum"]

1. d4 e6 2. g3 f5 3. Bg2 Nf6 4. Nf3 d5 5. O-O c6 6. c4 Bd6 7. Bf4 Bxf4 8. gxf4
O-O 9. Nbd2 Nbd7 10. e3 Ne4 11. Qc2 h6 12. Ne5 Nxe5 13. fxe5 Bd7 14. c5 Be8 15.
f3 Nxd2 16. Qxd2 f4 17. exf4 Qh4 18. f5 Rxf5 19. f4 Bg6 20. Qf2 Qe7 21. Bh3 Rf7
22. Qg3 Bf5 23. Rf2 Raf8 24. Raf1 Kh8 25. Bxf5 Rxf5 26. Rg2 g5 27. h4 Rxf4 28.
Rxf4 Rxf4 29. Qd3 Kg7 30. hxg5 hxg5 31. Rh2 Rh4 32. Rf2 Qe8 33. Qf3 Rf4 34. Qh3
Rxd4 35. Rf6 Rh4 36. Qxe6 Qxe6 37. Rxe6 Kf7 38. Rf6+ Ke7 39. Rg6 Rc4 40. Rxg5
Rc1+ 41. Kf2 Rc2+ 42. Ke3 Rxb2 43. Rg7+ Ke6 44. Kd4 Rb4+ 45. Kc3 a5 46. a3 Rc4+
47. Kd3 Rxc5 48. Rxb7 Rc4 0-1

[Event "2. Bundesliga West 2016/17"]
[Site "Salzburg/Wals"]
[Date "2017.03.05"]
[Round "11"]
[Board "4"]
[White "Pogan, Nikolas"]
[Black "Loeffler, Christoph"]
[Result "1-0"]
[WhiteElo "2236"]
[BlackElo "2124"]
[PlyCount "45"]
[EventDate "2016.10.28"]
[EventType "team"]
[EventRounds "11"]
[EventCountry "AUT"]
[WhiteTeam "Rochade Rum"]
[BlackTeam "ASK Salzburg"]

1. d4 d5 2. c4 Nc6 3. cxd5 Qxd5 4. e3 e5 5. Nc3 Bb4 6. a3 Bxc3+ 7. bxc3 Qd6 8.
a4 Be6 9. Ba3 Qd7 10. Nf3 e4 11. Nd2 f5 12. Nb3 Bxb3 13. Qxb3 O-O-O 14. Rb1 Na5
15. Qb4 Qd6 16. Qxa5 Qxa3 17. Qxf5+ Rd7 18. Qa5 Qa2 19. Qb4 c5 20. Qxc5+ Kd8
21. Qf8+ Kc7 22. Qb4 Rf7 23. Qxb7+ 1-0

[Event "2. Bundesliga West 2016/17"]
[Site "Salzburg/Wals"]
[Date "2017.03.05"]
[Round "11"]
[Board "5"]
[White "Herrmann, Michael"]
[Black "Moroder, Stefan"]
[Result "1/2-1/2"]
[WhiteElo "2078"]
[BlackElo "2206"]
[PlyCount "60"]
[EventDate "2016.10.28"]
[EventType "team"]
[EventRounds "11"]
[EventCountry "AUT"]
[WhiteTeam "ASK Salzburg"]
[BlackTeam "Rochade Rum"]

1. c4 f5 2. b3 Nf6 3. Bb2 e6 4. g3 d5 5. Nf3 Bd6 6. Bg2 O-O 7. O-O c6 8. d3
Nbd7 9. Nbd2 Qe7 10. Qc2 e5 11. cxd5 cxd5 12. e4 Nb6 13. exd5 Nfxd5 14. Rae1
Nb4 15. Qb1 Nc6 16. Nxe5 Nxe5 17. d4 f4 18. dxe5 Bb4 19. Rd1 Bxd2 20. Rxd2 f3
21. Bh1 Bf5 22. Qd1 Bg4 23. Re1 Rad8 24. Re3 Rxd2 25. Qxd2 Qe6 26. Rd3 h5 27.
Qd1 Qg6 28. Bxf3 Rxf3 29. Rxf3 Bxf3 30. Qxf3 Qb1+ 1/2-1/2

[Event "2. Bundesliga West 2016/17"]
[Site "Salzburg/Wals"]
[Date "2017.03.05"]
[Round "11"]
[Board "6"]
[White "Hengl, Christian"]
[Black "Usleber, Helmut"]
[Result "1-0"]
[WhiteElo "2226"]
[BlackElo "2064"]
[PlyCount "57"]
[EventDate "2016.10.28"]
[EventType "team"]
[EventRounds "11"]
[EventCountry "AUT"]
[WhiteTeam "Rochade Rum"]
[BlackTeam "ASK Salzburg"]

1. d4 f5 2. Nf3 Nf6 3. g3 g6 4. Bg2 Bg7 5. O-O O-O 6. b3 d6 7. Bb2 c6 8. c4 Qc7
9. Nbd2 Re8 10. Re1 e5 11. dxe5 dxe5 12. e4 fxe4 13. Ng5 Bg4 14. Qc2 Na6 15.
Ngxe4 Nxe4 16. Nxe4 Rad8 17. Qc3 Bf5 18. Rad1 Bxe4 19. Bxe4 Nc5 20. Qe3 Rxd1
21. Rxd1 Nxe4 22. Qxe4 Qf7 23. Rd2 Qe7 24. Qg4 Qf8 25. Rd7 Qb4 26. Kg2 Qe1 27.
f4 h5 28. Qxg6 Qe2+ 29. Kh3 1-0

[Event "2. Bundesliga West 2016/17"]
[Site "Salzburg/Wals"]
[Date "2017.03.05"]
[Round "11"]
[Board "1"]
[White "Bromberger, Stefan"]
[Black "Votava, Jan"]
[Result "1/2-1/2"]
[WhiteElo "2535"]
[BlackElo "2522"]
[PlyCount "59"]
[EventDate "2016.10.28"]
[EventType "team"]
[EventRounds "11"]
[EventCountry "AUT"]
[WhiteTeam "SIR Bernhard 1"]
[BlackTeam "Zillertal"]

1. e4 e5 2. Nf3 Nc6 3. Bc4 Bc5 4. c3 Nf6 5. d3 d6 6. Bb3 a6 7. O-O Ba7 8. Re1
O-O 9. h3 Ne7 10. Nbd2 Ng6 11. Nf1 Nh5 12. d4 Nhf4 13. Be3 Qf6 14. Ng3 h6 15.
Bc2 Nh4 16. Nxh4 Qxh4 17. Qf3 g6 18. Rad1 Kg7 19. dxe5 dxe5 20. Bxf4 Qxf4 21.
Qxf4 exf4 22. Ne2 g5 23. Nd4 Bd7 24. Nf5+ Bxf5 25. exf5 Rad8 26. Rxd8 Rxd8 27.
Rd1 Rxd1+ 28. Bxd1 Bc5 29. Kf1 Kf6 30. Bb3 1/2-1/2